000 00625nam a2200217 i 4500
001 bgj
100 1 _aIb~7anez, Blasco Vicente.
245 1 0 _aDie Scholle /
_cIbañez ; auf Deutsch von Otto Albrecht und Elisabeth van Bebber ; Illustrationen von José Benlliure.
260 _aBerlin :
_bBüchergilde Gutenberg,
_c1932.
300 _a196, [1] s. ;
_c24 cm.
650 9 _aLiteratura
700 1 _aALBRECHT, Otto.
700 1 _aBEBBER, Elizabeth van.
700 1 _aBENLLIURE, José.
040 _cBPK
041 0 _ager
044 _aDEU
080 _a82
942 _cKS
008 s gw f |000 0 ger
999 _c50642
_d50642
856 _uhttp://koha.tu.koszalin.pl/cgi-bin/koha/opac-detail.pl?biblionumber=50642
_yKatalog online BPK